000 00421nam a2200145 i 4500
001 76459
003 ES-MaACL
005 20230906172840.0
007 t|
008 041001s1911 sp ||||1| spa d
245 0 0 _aGuía ilustrada para el viajero en San Sebastián.
260 _a[San Sebastián :
_bUrquijo y Cia.,
_c1911] (
_eBarcelona :
_fOrtega)
300 _a8 p. :
_bil. ;
_c23 cm.
852 _aES-MaACL
_jFol-Laf-225
999 _c76459
_d76459